[Event "Portugal Open 2020"]
[Site "Lisboa POR"]
[Date "2020.01.28"]
[Round "4.6"]
[White "Goluch, Piotr"]
[Black "Janik, Igor"]
[Result "0-1"]
[WhiteElo "2413"]
[BlackElo "2453"]
[WhiteFideId "1137840"]
[BlackFideId "1159259"]
[WhiteTitle "IM"]
[BlackTitle "IM"]
[WhiteCountry "POL"]
[BlackCountry "POL"]
[PlyCount "86"]
[EventDate "2020.??.??"]

1. e4 e5 2. Nf3 Nc6 3. Bb5 a6 4. Ba4 Nf6 5. O-O b5 6. Bb3 Bc5 7. d3 d6 8. a4 Rb8
9. axb5 axb5 10. c3 h6 11. Re1 O-O 12. d4 Bb6 13. Be3 Bg4 14. d5 Bxe3 15. Rxe3
Ne7 16. h3 Bxf3 17. Qxf3 Nd7 18. Nd2 b4 19. c4 Ra8 20. Ree1 Ng6 21. g3 Qg5 22.
Qe3 Qxe3 23. fxe3 Nc5 24. Bc2 Rfb8 25. Nb3 Nb7 26. c5 Nxc5 27. Nxc5 dxc5 28. Bd3
Nf8 29. Rec1 Nd7 30. Rxa8 Rxa8 31. Bb5 Nf6 32. Kg2 Ra5 33. Bd3 Kf8 34. Kf3 Ke7
35. h4 Nd7 36. Bc4 Nb6 37. Bb3 Kd6 38. Ke2 Ra7 39. Kd3 c6 40. Rf1 f6 41. g4 cxd5
42. exd5 Rc7 43. Bc4 e4+ 0-1

[Event "Portugal Open 2020"]
[Site "Lisboa POR"]
[Date "2020.01.28"]
[Round "4.7"]
[White "Vasli, Aref"]
[Black "Tari, Aryan"]
[Result "0-1"]
[WhiteElo "2391"]
[BlackElo "2635"]
[WhiteFideId "417521"]
[BlackFideId "1510045"]
[WhiteTitle "FM"]
[BlackTitle "GM"]
[WhiteCountry "IRI"]
[BlackCountry "NOR"]
[PlyCount "100"]
[EventDate "2020.??.??"]

1. e4 c5 2. Nf3 d6 3. Bb5+ Nd7 4. Ba4 Ngf6 5. O-O a6 6. c4 g6 7. Nc3 Bg7 8. d3
O-O 9. h3 Rb8 10. Rb1 b6 11. Be3 Bb7 12. Qd2 e6 13. Rfe1 Qc7 14. a3 Rfc8 15.
Rec1 Ne5 16. Nxe5 dxe5 17. b4 Rd8 18. Qc2 Nh5 19. Ne2 Nf4 20. bxc5 bxc5 21. Rd1
Ba8 22. Rxb8 Rxb8 23. Nc1 Qa5 24. Kh2 f5 25. Bd2 Qd8 26. Be3 Qh4 27. f3 g5 28.
exf5 Bxf3 29. fxe6 Nxg2 30. Bf2 Bxd1 31. Qd2 Qf4+ 32. Qxf4 Nxf4 33. Bxd1 Rb2 34.
Kg3 Nxe6 35. Nb3 Bf8 36. Be3 Nd4 37. Nxd4 cxd4 38. Bxg5 h6 39. Bf6 Rd2 40. Bf3
Rxd3 41. Bxe5 Bxa3 42. Kg4 Bc5 43. Bd5+ Kf8 44. h4 Be7 45. Bf4 h5+ 46. Kxh5 Rh3
47. Bh6+ Ke8 48. Bc6+ Kd8 49. Bg7 Rxh4+ 50. Kg6 d3 0-1

[Event "Portugal Open 2020"]
[Site "Lisboa POR"]
[Date "2020.01.28"]
[Round "4.8"]
[White "Motylev, Alexander"]
[Black "Bashirli, Nail"]
[Result "1-0"]
[WhiteElo "2640"]
[BlackElo "2379"]
[WhiteFideId "4121830"]
[BlackFideId "13406809"]
[WhiteTitle "GM"]
[BlackTitle "IM"]
[WhiteCountry "RUS"]
[BlackCountry "AZE"]
[PlyCount "101"]
[EventDate "2020.??.??"]

1. e4 c5 2. Nf3 d6 3. d4 cxd4 4. Nxd4 Nf6 5. Nc3 Nc6 6. f3 e6 7. Be3 a6 8. Qd2
Be7 9. O-O-O O-O 10. g4 Nxd4 11. Bxd4 b5 12. g5 Nd7 13. h4 b4 14. Na4 Qa5 15. b3
Nc5 16. a3 Nxa4 17. axb4 Qc7 18. bxa4 Bd7 19. a5 Rfc8 20. Bb6 Qc6 21. Kb2 d5 22.
c3 dxe4 23. fxe4 e5 24. Bh3 Bxh3 25. Rxh3 Qxe4 26. Re3 Qxh4 27. Rxe5 Bf8 28. Qd4
Qh3 29. Qd3 Qg2+ 30. Rd2 Qh1 31. Qd5 Qh3 32. Re3 Qh5 33. Rf2 h6 34. Ref3 Qxg5
35. Qxg5 hxg5 36. Rxf7 g4 37. Rd7 Rc4 38. Kb3 Re4 39. Rg2 Be7 40. Rd4 Rxd4 41.
Bxd4 Kf7 42. Rxg4 g5 43. Rg2 Ke6 44. Re2+ Kd7 45. Rh2 Ke6 46. Rh6+ Kf5 47. b5
axb5 48. a6 g4 49. a7 g3 50. Rb6 g2 51. Rxb5+ 1-0

[Event "Portugal Open 2020"]
[Site "Lisboa POR"]
[Date "2020.01.28"]
[Round "4.9"]
[White "Grigoryan, Karen H"]
[Black "Mihajlov, Sebastian"]
[Result "1/2-1/2"]
[WhiteElo "2632"]
[BlackElo "2374"]
[WhiteFideId "13301004"]
[BlackFideId "1512110"]
[WhiteTitle "GM"]
[BlackTitle "IM"]
[WhiteCountry "ARM"]
[BlackCountry "NOR"]
[PlyCount "92"]
[EventDate "2020.??.??"]

1. c4 c6 2. Nf3 Nf6 3. e3 d5 4. Nc3 e6 5. Qc2 Nbd7 6. b3 Bd6 7. Bb2 O-O 8. Rg1
a6 9. g4 b5 10. g5 Ne8 11. h4 bxc4 12. bxc4 Rb8 13. h5 Ne5 14. Nxe5 Bxe5 15. d4
Bh2 16. Rg2 Bc7 17. Bd3 Kh8 18. Ba3 Bd6 19. Bxd6 Nxd6 20. Bxh7 Nxc4 21. Bd3 e5
22. Bxc4 dxc4 23. dxe5 Qa5 24. Ke2 Qxe5 25. f4 Bf5 26. fxe5 Bxc2 27. Kf3 Bd3 28.
Kf4 Rfe8 29. e4 Re7 30. Rag1 Rf8 31. Rb2 Rfe8 32. g6 Rf8 33. Ke3 Rxe5 34. h6 Rh5
35. hxg7+ Kxg7 36. Rb7 Kf6 37. g7 Rg8 38. Rc7 Ke5 39. Rg3 f5 40. exf5 Bxf5 41.
Rf7 Be6 42. Rf4 Rf5 43. Rh4 Rf7 44. Rg5+ Kf6 45. Ne4+ Ke7 46. Ra5 Rfxg7 1/2-1/2

[Event "Portugal Open 2020"]
[Site "Lisboa POR"]
[Date "2020.01.28"]
[Round "4.10"]
[White "Napoli, Nicolo"]
[Black "Ghamarian, Tigran"]
[Result "0-1"]
[WhiteElo "2333"]
[BlackElo "2603"]
[WhiteFideId "813702"]
[BlackFideId "13301527"]
[WhiteTitle "FM"]
[BlackTitle "GM"]
[WhiteCountry "ITA"]
[BlackCountry "FRA"]
[PlyCount "54"]
[EventDate "2020.??.??"]

1. d4 Nf6 2. c4 e6 3. Nf3 Bb4+ 4. Nbd2 O-O 5. a3 Be7 6. e4 d6 7. Be2 Nfd7 8. O-O
e5 9. d5 a5 10. Ne1 Nc5 11. Nd3 Nbd7 12. Re1 a4 13. Qc2 Bg5 14. Bf1 Nxd3 15.
Bxd3 Nc5 16. Qc3 Bd7 17. Bc2 Qb8 18. Nf1 Bxc1 19. Raxc1 b5 20. Re3 Qb6 21. Rg3
Kh8 22. Nd2 Rab8 23. Qe3 f6 24. Bd1 b4 25. Nf3 bxa3 26. bxa3 Qb2 27. Rc2 Qa1 0-1

[Event "Portugal Open 2020"]
[Site "Lisboa POR"]
[Date "2020.01.28"]
[Round "4.11"]
[White "Ten Hertog, Hugo"]
[Black "Lekic, Dusan"]
[Result "1-0"]
[WhiteElo "2503"]
[BlackElo "2343"]
[WhiteFideId "1026356"]
[BlackFideId "905330"]
[WhiteTitle "IM"]
[BlackTitle "IM"]
[WhiteCountry "NED"]
[BlackCountry "MNE"]
[PlyCount "67"]
[EventDate "2020.??.??"]

1. g3 d5 2. Bg2 e5 3. d3 g6 4. c4 dxc4 5. Qa4+ c6 6. Qxc4 Bg7 7. Nf3 Ne7 8. Nbd2
h6 9. Ne4 Na6 10. Bd2 O-O 11. h4 Be6 12. Qc1 f5 13. Nc3 h5 14. Bh6 f4 15. Bxg7
Kxg7 16. Ne4 Nd5 17. Nxe5 fxg3 18. Nxg3 Qa5+ 19. Kf1 Qb6 20. Bf3 Nf4 21. Qc3 Kh7
22. Rg1 Nb4 23. Ne4 Nbd5 24. Ng5+ Kh6 25. Qd2 Rae8 26. Nxg6 Rf6 27. Nxe6 Rexe6
28. Nxf4 Nxf4 29. Be4 Qd4 30. Rd1 Qd8 31. Qe3 Rf7 32. Rg5 Qf6 33. Qg3 Qxb2 34.
Rxh5+ 1-0

[Event "Portugal Open 2020"]
[Site "Lisboa POR"]
[Date "2020.01.28"]
[Round "4.12"]
[White "Hill, Alistair"]
[Black "Spraggett, Kevin"]
[Result "0-1"]
[WhiteElo "2217"]
[BlackElo "2501"]
[WhiteFideId "432407"]
[BlackFideId "2600013"]
[BlackTitle "GM"]
[WhiteCountry "ENG"]
[BlackCountry "CAN"]
[PlyCount "70"]
[EventDate "2020.??.??"]

1. Nf3 Nf6 2. c4 d6 3. Nc3 g6 4. g3 Bg7 5. Bg2 O-O 6. O-O e5 7. d3 c6 8. h3 Re8
9. e4 a6 10. d4 Nbd7 11. Be3 exd4 12. Nxd4 Rb8 13. Qc2 c5 14. Nde2 b5 15. cxb5
axb5 16. a4 b4 17. Nb5 Qb6 18. Rfd1 Bf8 19. g4 Ba6 20. Ng3 Bxb5 21. axb5 Qxb5
22. g5 Nh5 23. Nxh5 gxh5 24. b3 Ne5 25. Rd5 Ra8 26. Rad1 Ra3 27. Bc1 Ra1 28. Bb2
Rxd1+ 29. Qxd1 Ng6 30. Rf5 Re6 31. e5 dxe5 32. Bd5 Qd7 33. Rf6 Rxf6 34. gxf6 Nf4
35. Bf3 Qf5 0-1

[Event "Portugal Open 2020"]
[Site "Lisboa POR"]
[Date "2020.01.28"]
[Round "4.13"]
[White "Jaracz, Pawel"]
[Black "Bayramov, Zaur"]
[Result "0-1"]
[WhiteElo "2466"]
[BlackElo "2333"]
[WhiteFideId "1102222"]
[BlackFideId "13405080"]
[WhiteTitle "GM"]
[BlackTitle "FM"]
[WhiteCountry "POL"]
[BlackCountry "AZE"]
[PlyCount "102"]
[EventDate "2020.??.??"]

1. e4 g6 2. d4 Bg7 3. Nc3 d6 4. f4 Nf6 5. Nf3 O-O 6. Bd3 Nc6 7. e5 dxe5 8. fxe5
Nd5 9. Nxd5 Qxd5 10. c3 Bg4 11. Qe2 Rad8 12. O-O Nxe5 13. Be4 Bxf3 14. gxf3 Qc4
15. Re1 Qxe2 16. Rxe2 Nc6 17. Bxc6 bxc6 18. Rxe7 c5 19. d5 Rxd5 20. Be3 Rb8 21.
Re1 h5 22. Re2 Be5 23. Kg2 Bd6 24. Re4 Rd1 25. Bf2 f6 26. Rc4 Rd5 27. h4 Kf7 28.
Ra4 Rb7 29. Rc4 Rf5 30. Ra4 g5 31. b3 gxh4 32. Bxh4 Rb8 33. Kf2 Rg8 34. Rae4 Rg4
35. Rxg4 hxg4 36. Re3 Be5 37. Kg2 Rh5 38. Bg3 gxf3+ 39. Kf2 Rf5 40. Bh4 Kg6 41.
Rxf3 Bxc3 42. Rxf5 Kxf5 43. Kf3 Bd4 44. Bg3 c6 45. Bb8 a6 46. Bc7 Ke6 47. Ke4
f5+ 48. Kd3 Kd5 49. Bf4 Be5 50. Bg5 Bg3 51. Ke3 c4 0-1

[Event "Portugal Open 2020"]
[Site "Lisboa POR"]
[Date "2020.01.28"]
[Round "4.14"]
[White "Haldorsen, Benjamin"]
[Black "Fróis, António"]
[Result "1-0"]
[WhiteElo "2463"]
[BlackElo "2273"]
[WhiteFideId "1512633"]
[BlackFideId "1900080"]
[WhiteTitle "IM"]
[BlackTitle "IM"]
[WhiteCountry "NOR"]
[BlackCountry "POR"]
[PlyCount "101"]
[EventDate "2020.??.??"]

1. e4 Nf6 2. e5 Nd5 3. d4 d6 4. Nf3 Bg4 5. Be2 e6 6. O-O Be7 7. c4 Nb6 8. Be3
O-O 9. Nc3 N8d7 10. exd6 cxd6 11. b3 Rc8 12. h3 Bh5 13. Qd2 Nf6 14. Rfd1 Re8 15.
a4 a6 16. a5 Nbd7 17. Na4 Ne4 18. Qe1 Bf8 19. b4 f5 20. Rac1 Qf6 21. Ne5 dxe5
22. Bxh5 Red8 23. d5 exd5 24. Rxd5 Qh4 25. Be2 Nef6 26. Rdd1 f4 27. Bb6 Re8 28.
c5 e4 29. f3 Qg5 30. Qf2 Ne5 31. Nc3 exf3 32. h4 Qg4 33. Bxf3 Nxf3+ 34. Qxf3
Qxh4 35. Rf1 Nh5 36. Ne2 Re3 37. Qf2 Qxf2+ 38. Rxf2 Re4 39. Rb1 g5 40. Nc3 Re3
41. Rf3 Re5 42. Rd3 Rce8 43. Rd5 h6 44. Rxe5 Rxe5 45. Rd1 Ng3 46. Nd5 Bg7 47. b5
axb5 48. a6 bxa6 49. c6 Nf5 50. c7 Nd6 51. Nf6+ 1-0

[Event "Portugal Open 2020"]
[Site "Lisboa POR"]
[Date "2020.01.28"]
[Round "4.15"]
[White "Palozza, Christian"]
[Black "Dâmaso, Rui"]
[Result "0-1"]
[WhiteElo "2198"]
[BlackElo "2420"]
[WhiteFideId "895580"]
[BlackFideId "1900030"]
[WhiteTitle "FM"]
[BlackTitle "IM"]
[WhiteCountry "ITA"]
[BlackCountry "POR"]
[PlyCount "100"]
[EventDate "2020.??.??"]

1. d4 d6 2. Nf3 Nf6 3. g3 c5 4. dxc5 Qa5+ 5. Nbd2 Qxc5 6. Bg2 e5 7. O-O Be7 8.
a3 a5 9. b4 Qc3 10. Rb1 Bf5 11. Bb2 Qc8 12. Re1 axb4 13. axb4 Na6 14. e4 Be6 15.
Ba1 O-O 16. c4 Bxc4 17. b5 Nb8 18. Rc1 Rxa1 19. Rxa1 Bxb5 20. Bf1 Bc6 21. Qb1
Nbd7 22. Bb5 Nc5 23. Ra2 g6 24. Rb2 Bxe4 25. Nxe4 Nfxe4 26. Bf1 f5 27. Nd2 Nf6
28. Nb3 Nfe4 29. Nxc5 Nxc5 30. Bc4+ Kh8 31. Bd5 e4 32. Bxb7 Qe6 33. Bc6 d5 34.
Bb5 d4 35. Bf1 Qe5 36. Qa2 d3 37. Rb5 Rd8 38. Qc4 Kg7 39. Rd1 h5 40. Re1 h4 41.
Kg2 hxg3 42. hxg3 g5 43. Ra5 d2 44. Rd1 f4 45. Ra7 f3+ 46. Kg1 e3 47. Rxe7+ Qxe7
48. Qc3+ Kh6 49. Qxe3 Qxe3 50. fxe3 Ne4 0-1

[Event "Portugal Open 2020"]
[Site "Lisboa POR"]
[Date "2020.01.28"]
[Round "4.16"]
[White "Krzywda, Andrzej"]
[Black "Savanovic, Aleksandar"]
[Result "0-1"]
[WhiteElo "2178"]
[BlackElo "2414"]
[WhiteFideId "1114565"]
[BlackFideId "914932"]
[WhiteTitle "CM"]
[BlackTitle "IM"]
[WhiteCountry "POL"]
[BlackCountry "BIH"]
[PlyCount "132"]
[EventDate "2020.??.??"]

1. d4 d5 2. c4 e6 3. Nf3 Nf6 4. g3 dxc4 5. Bg2 a6 6. O-O Nc6 7. e3 Bd7 8. Qe2
Bd6 9. Qxc4 O-O 10. Nbd2 Na5 11. Qc2 Bb5 12. Rd1 Rc8 13. e4 c5 14. d5 e5 15. Nf1
Bd7 16. Ne3 b5 17. Nf5 Bxf5 18. exf5 c4 19. Bg5 Nb7 20. Nd2 Nc5 21. Ne4 Ncxe4
22. Bxe4 h6 23. Bh4 Bc5 24. Kg2 Bd4 25. Rac1 Qd6 26. Bxf6 Qxf6 27. Qd2 Rfd8 28.
Rc2 Qb6 29. b3 c3 30. Qd3 a5 31. g4 a4 32. h4 axb3 33. axb3 Qc5 34. f6 Rxd5 35.
Qf3 Rd6 36. fxg7 Kxg7 37. Qf5 Rh8 38. g5 Qc8 39. Kf3 Qxf5+ 40. Bxf5 hxg5 41.
hxg5 b4 42. Kg4 Ra8 43. f4 exf4 44. Rh1 Ra5 45. Rch2 Kf8 46. Rh6 Rxh6 47. gxh6
f3 48. h7 Bh8 49. Rd1 f2 50. Rd8+ Kg7 51. Bd3 f5+ 52. Kg5 Kxh7 53. Rc8 Rd5 54.
Bc4 f4+ 55. Bxd5 f1=Q 56. Rc7+ Bg7 57. Be4+ Kg8 58. Rc8+ Kf7 59. Rc7+ Ke6 60.
Bf5+ Ke5 61. Rxg7 Qg1+ 62. Bg4 c2 63. Re7+ Kd6 64. Re6+ Kd5 65. Re8 c1=Q 66.
Rd8+ Kc6 0-1

[Event "Portugal Open 2020"]
[Site "Lisboa POR"]
[Date "2020.01.28"]
[Round "4.17"]
[White "Silich, Yahor"]
[Black "Alshameary Puente, Ismael"]
[Result "0-1"]
[WhiteElo "2158"]
[BlackElo "2385"]
[WhiteFideId "13513656"]
[BlackFideId "2225166"]
[WhiteTitle "FM"]
[BlackTitle "IM"]
[WhiteCountry "BLR"]
[BlackCountry "ESP"]
[PlyCount "84"]
[EventDate "2020.??.??"]

1. e4 c5 2. Nf3 d6 3. Bb5+ Nd7 4. d4 cxd4 5. Qxd4 a6 6. Bxd7+ Bxd7 7. c4 e5 8.
Qd3 b5 9. Nc3 bxc4 10. Qxc4 Nf6 11. O-O Be7 12. Rd1 h6 13. Nd2 O-O 14. Qd3 Bg4
15. f3 Qb6+ 16. Kh1 Be6 17. Nc4 Qc5 18. Ne3 Rfc8 19. Bd2 Bf8 20. Rac1 Qd4 21.
Qe2 Qb6 22. Be1 Rab8 23. b3 Qb7 24. Qd2 Be7 25. Bf2 Rc7 26. Qb2 Rbc8 27. Ne2 Qb5
28. Nc3 Qb4 29. Be1 Qb7 30. Bf2 Rc6 31. Kg1 Bd8 32. Ned5 Bxd5 33. exd5 Nxd5 34.
Rxd5 Rxc3 35. Rxc3 Qxd5 36. Rc1 Rc6 37. Be3 Qb5 38. a4 Rxc1+ 39. Qxc1 Qxb3 40.
Kf2 Qa2+ 41. Kg1 Qb3 42. a5 Bxa5 0-1

[Event "Portugal Open 2020"]
[Site "Lisboa POR"]
[Date "2020.01.28"]
[Round "4.18"]
[White "Sarkar, Justin"]
[Black "Veiga, Francisco"]
[Result "0-1"]
[WhiteElo "2385"]
[BlackElo "2312"]
[WhiteFideId "2010011"]
[BlackFideId "1930087"]
[WhiteTitle "IM"]
[BlackTitle "FM"]
[WhiteCountry "USA"]
[BlackCountry "POR"]
[PlyCount "78"]
[EventDate "2020.??.??"]

1. d4 Nf6 2. c4 e6 3. Nc3 c5 4. d5 exd5 5. cxd5 d6 6. e4 g6 7. f4 Bg7 8. e5 Nfd7
9. Nb5 dxe5 10. Nd6+ Ke7 11. Nxc8+ Qxc8 12. Nf3 Re8 13. f5 Kf8 14. Ng5 e4 15.
fxg6 hxg6 16. Be2 Bd4 17. Rf1 f5 18. Qb3 Ne5 19. Nxe4 c4 20. Qa3+ Kg7 21. Nd6
Bc5 22. Nxe8+ Qxe8 23. Qg3 Nd3+ 24. Kd1 Qa4+ 25. b3 cxb3 26. Bh5 b2+ 27. Kd2
Qb4+ 28. Kd1 Qa4+ 29. Kd2 Qb4+ 30. Kd1 Qb6 31. Bxb2+ Nxb2+ 32. Kc2 Bd4 33. Rae1
Nd7 34. Re7+ Kf8 35. Rxf5+ Kxe7 36. d6+ Kd8 37. Qg5+ Bf6 38. Rxf6 Rc8+ 39. Kd2
Qd4+ 0-1

[Event "Portugal Open 2020"]
[Site "Lisboa POR"]
[Date "2020.01.28"]
[Round "4.19"]
[White "Arizmendi Martínez, Julen Luis"]
[Black "Correia, Mário"]
[Result "1-0"]
[WhiteElo "2505"]
[BlackElo "2133"]
[WhiteFideId "2205092"]
[BlackFideId "1900927"]
[WhiteTitle "GM"]
[WhiteCountry "ESP"]
[BlackCountry "POR"]
[PlyCount "71"]
[EventDate "2020.??.??"]

1. e4 c5 2. Nf3 Nc6 3. d4 cxd4 4. Nxd4 g6 5. Nc3 Bg7 6. Be3 Nf6 7. Bc4 Qa5 8.
O-O O-O 9. Bb3 d6 10. h3 Bd7 11. Re1 Nxd4 12. Bxd4 Bc6 13. Nd5 Rfe8 14. Bc3 Qd8
15. Nxf6+ Bxf6 16. Bxf6 exf6 17. Qd4 f5 18. exf5 Qg5 19. Qg4 Qxf5 20. Qxf5 gxf5
21. Red1 Rad8 22. Rd4 Re4 23. Rad1 Rxd4 24. Rxd4 Kg7 25. f3 Kf6 26. Kf2 h5 27.
c3 b6 28. Bc2 Ke5 29. g3 Bd7 30. f4+ Ke6 31. h4 f6 32. Rc4 d5 33. Rc7 a5 34. Rb7
b5 35. Rb6+ Ke7 36. Bd3 1-0

[Event "Portugal Open 2020"]
[Site "Lisboa POR"]
[Date "2020.01.28"]
[Round "4.20"]
[White "Pires, Emanuel"]
[Black "Stella, Andrea"]
[Result "1-0"]
[WhiteElo "2112"]
[BlackElo "2465"]
[WhiteFideId "1914715"]
[BlackFideId "827061"]
[BlackTitle "GM"]
[WhiteCountry "POR"]
[BlackCountry "ITA"]
[PlyCount "111"]
[EventDate "2020.??.??"]

1. e4 e6 2. Nf3 d5 3. e5 c5 4. b4 d4 5. bxc5 Bxc5 6. Bd3 Nc6 7. O-O Nge7 8. Re1
Ng6 9. Ba3 Qe7 10. Bxc5 Qxc5 11. c3 Ngxe5 12. cxd4 Nxf3+ 13. Qxf3 Qxd4 14. Nc3
O-O 15. Nb5 Qd8 16. Be4 Nd4 17. Nxd4 Qxd4 18. Bxb7 Bxb7 19. Qxb7 Qxd2 20. Red1
Qf4 21. a4 a5 22. g3 Qf6 23. Rab1 g6 24. Rb5 Kg7 25. Kg2 Qc3 26. Qe4 Rad8 27.
Re1 Kg8 28. Re3 Qc7 29. Qe5 Qc6+ 30. Qe4 Qc7 31. Qe5 Qc6+ 32. Qe4 Qxe4+ 33. Rxe4
Rd5 34. Rxd5 exd5 35. Re7 Rc8 36. Ra7 Rc5 37. Kf3 Kg7 38. Ra6 g5 39. Kg4 Rc4+
40. Kxg5 Rxa4 41. f4 h5 42. f5 f6+ 43. Kxh5 d4 44. Ra7+ Kf8 45. Kg6 Ke8 46. Kxf6
d3 47. Re7+ Kd8 48. Re1 d2 49. Rd1 Rd4 50. Kg7 Rd7+ 51. Kf8 a4 52. f6 a3 53. f7
Rd4 54. h3 Rd3 55. g4 a2 56. Kg7 1-0

[Event "Portugal Open 2020"]
[Site "Lisboa POR"]
[Date "2020.01.28"]
[Round "4.21"]
[White "Campora, Daniel"]
[Black "Ferreira, Hugo"]
[Result "1-0"]
[WhiteElo "2420"]
[BlackElo "2109"]
[WhiteFideId "100013"]
[BlackFideId "1915940"]
[WhiteTitle "GM"]
[WhiteCountry "ARG"]
[BlackCountry "POR"]
[PlyCount "113"]
[EventDate "2020.??.??"]

1. e4 d5 2. exd5 Qxd5 3. Nc3 Qd6 4. d4 g6 5. Nb5 Qb6 6. Bf4 Na6 7. c4 c6 8. c5
Qd8 9. Nc3 Bg7 10. Nf3 Nc7 11. Qb3 Nf6 12. Bc4 O-O 13. O-O Ncd5 14. Be5 Nxc3 15.
bxc3 b5 16. cxb6 axb6 17. a4 Bf5 18. Rfe1 Nd5 19. Bxg7 Kxg7 20. Ne5 Qd6 21. Nxc6
Nxc3 22. d5 Qf6 23. Ra3 Nb1 24. Rxb1 Bxb1 25. Qxb1 Qd6 26. Qb2+ Kg8 27. Re3 Rfe8
28. Bb3 Rac8 29. h3 Rc7 30. h4 h5 31. g3 Rec8 32. Kh2 Rd7 33. Ba2 Ra8 34. Qc2
Qf6 35. Bb3 Re8 36. Qe2 Qd6 37. Qf3 Rc7 38. Bc4 Ra8 39. Bb3 Rf8 40. Qe4 Re8 41.
Ne5 Rf8 42. Rf3 Rc5 43. Nc6 Re8 44. Re3 Kh7 45. Qf3 Kg7 46. Qe2 Kf8 47. Nd4 Kg8
48. Ne6 Rcc8 49. Qb2 f6 50. Qb1 Kf7 51. Nf4 Rg8 52. Kg2 Rg7 53. Re6 Qb4 54. d6
Ke8 55. dxe7 Qd2 56. Nd5 Qd4 57. Nxf6+ 1-0

[Event "Portugal Open 2020"]
[Site "Lisboa POR"]
[Date "2020.01.28"]
[Round "4.22"]
[White "Löffner, Stefan"]
[Black "Fernandes, Ricardo Paulos"]
[Result "1/2-1/2"]
[WhiteElo "2376"]
[BlackElo "2100"]
[WhiteFideId "4603257"]
[BlackFideId "1943464"]
[WhiteTitle "IM"]
[WhiteCountry "GER"]
[BlackCountry "POR"]
[PlyCount "58"]
[EventDate "2020.??.??"]

1. e4 c5 2. Nf3 d6 3. d4 cxd4 4. Nxd4 Nf6 5. f3 Nc6 6. c4 g6 7. Be3 Bg7 8. Nc3
Bd7 9. Be2 Rc8 10. Nb3 O-O 11. c5 Be6 12. cxd6 exd6 13. Nd4 d5 14. exd5 Nxd5 15.
Nxe6 fxe6 16. Nxd5 exd5 17. O-O Kh8 18. Rb1 d4 19. Bf2 Qg5 20. Bd3 Rcd8 21. Qc1
Qa5 22. a3 Ne5 23. Rd1 Rc8 24. Qd2 Qxd2 25. Rxd2 Rxf3 26. Be4 Rf7 27. Bxd4 Rd8
28. Rbd1 Rfd7 29. Bxb7 Rxd4 1/2-1/2

[Event "Portugal Open 2020"]
[Site "Lisboa POR"]
[Date "2020.01.28"]
[Round "4.23"]
[White "González Trigal, Jose Luis"]
[Black "Marzano, Carlo"]
[Result "0-1"]
[WhiteElo "2369"]
[BlackElo "2078"]
[WhiteFideId "2212420"]
[BlackFideId "802980"]
[WhiteTitle "IM"]
[WhiteCountry "ESP"]
[BlackCountry "ITA"]
[PlyCount "72"]
[EventDate "2020.??.??"]

1. d4 d5 2. c4 dxc4 3. e4 Nc6 4. Nf3 Bg4 5. d5 Ne5 6. Bf4 Ng6 7. Be3 Nf6 8. Nc3
e5 9. h3 Bd7 10. Bxc4 a6 11. a4 Bb4 12. Qc2 O-O 13. g4 b5 14. Bd3 c6 15. dxc6
Bxc6 16. Rd1 Qc8 17. Bg5 Qe6 18. Kf1 Rfc8 19. Qe2 h6 20. Bc1 bxa4 21. g5 Nh5 22.
Nd5 Nhf4 23. Bxf4 Nxf4 24. Nxf4 exf4 25. Nd4 Qe5 26. Nxc6 Rxc6 27. gxh6 Rxh6 28.
Bc4 f3 29. Qxf3 Rf6 30. Qg2 Rc8 31. Rg1 g6 32. Bd3 Bc5 33. Rd2 Be3 34. Ke2 Rxf2+
35. Qxf2 Bxf2 36. Kxf2 Qf4+ 0-1

[Event "Portugal Open 2020"]
[Site "Lisboa POR"]
[Date "2020.01.28"]
[Round "4.24"]
[White "Borges, Guilherme Deola"]
[Black "Sabuk, Piotr"]
[Result "1/2-1/2"]
[WhiteElo "2134"]
[BlackElo "2360"]
[WhiteFideId "2109085"]
[BlackFideId "1137565"]
[BlackTitle "IM"]
[WhiteCountry "BRA"]
[BlackCountry "POL"]
[PlyCount "85"]
[EventDate "2020.??.??"]

1. d4 Nf6 2. c4 e6 3. Nc3 Bb4 4. e3 O-O 5. Bd3 d5 6. Nf3 dxc4 7. Bxc4 c5 8. O-O
Bd7 9. Qe2 Bc6 10. Rd1 Qc7 11. d5 exd5 12. Nxd5 Nxd5 13. Bxd5 Bxd5 14. Rxd5 Nd7
15. Bd2 Nf6 16. Rd3 Bxd2 17. Qxd2 Rac8 18. Rc1 Rfe8 19. h3 h6 20. Qc3 b5 21. Qc2
Qb7 22. Rcd1 Qe4 23. R3d2 Qb4 24. Qf5 a5 25. a3 Qe4 26. Qxe4 Nxe4 27. Rd7 c4 28.
Ra7 Ra8 29. Rdd7 Rxa7 30. Rxa7 b4 31. axb4 axb4 32. Rc7 c3 33. bxc3 Nxc3 34. Rb7
Ra8 35. Ne5 Ra1+ 36. Kh2 Rb1 37. Rb8+ Kh7 38. Nxf7 Nd1 39. f4 Nxe3 40. g4 Kg6
41. Ne5+ Kf6 42. Rb6+ Ke7 43. Rb7+ 1/2-1/2

[Event "Portugal Open 2020"]
[Site "Lisboa POR"]
[Date "2020.01.28"]
[Round "4.25"]
[White "Soham, Das"]
[Black "Guerreiro, Nuno"]
[Result "1-0"]
[WhiteElo "2355"]
[BlackElo "2071"]
[WhiteFideId "35026763"]
[BlackFideId "1903012"]
[WhiteTitle "IM"]
[WhiteCountry "IND"]
[BlackCountry "POR"]
[PlyCount "53"]
[EventDate "2020.??.??"]

1. e4 Nc6 2. Nf3 g6 3. d4 Bg7 4. Nc3 d6 5. Be3 Nf6 6. d5 Nb8 7. Qd2 c6 8. O-O-O
O-O 9. Kb1 b5 10. dxc6 b4 11. Nd5 Nxc6 12. Bb5 Nxe4 13. Qe2 Bd7 14. Bf4 f5 15.
Ng5 Rc8 16. f3 e6 17. fxe4 exd5 18. exd5 Nd4 19. Rxd4 Bxd4 20. Ne6 Bxe6 21. dxe6
Qf6 22. e7 Rfe8 23. Bxe8 Rxe8 24. Qc4+ Kg7 25. Qxb4 Bc5 26. Qd2 Rxe7 27. Bg5 1-0

[Event "Portugal Open 2020"]
[Site "Lisboa POR"]
[Date "2020.01.28"]
[Round "4.26"]
[White "Fernandes, João Pedro"]
[Black "Plichta, Kamil"]
[Result "0-1"]
[WhiteElo "2099"]
[BlackElo "2353"]
[WhiteFideId "1926624"]
[BlackFideId "1141830"]
[BlackTitle "FM"]
[WhiteCountry "POR"]
[BlackCountry "POL"]
[PlyCount "66"]
[EventDate "2020.??.??"]

1. e4 c5 2. Nf3 e6 3. d4 cxd4 4. Nxd4 Nf6 5. Nc3 Nc6 6. Ndb5 Bb4 7. a3 Bxc3+ 8.
Nxc3 d5 9. exd5 exd5 10. Bd3 O-O 11. O-O d4 12. Ne4 Bf5 13. Bg5 Bxe4 14. Bxe4 h6
15. Bh4 g5 16. Bxc6 bxc6 17. Bg3 Qd5 18. f4 Ne4 19. fxg5 hxg5 20. Qf3 f5 21.
Rae1 Rae8 22. Qh5 Kg7 23. h4 g4 24. Bf4 Re6 25. Rxe4 Qxe4 26. Bd2 g3 27. Rf3 f4
28. Qc5 Rf7 29. h5 Qd5 30. Qb4 c5 31. h6+ Kh7 32. Qb5 Qh5 33. Qd3+ Rf5 0-1

[Event "Portugal Open 2020"]
[Site "Lisboa POR"]
[Date "2020.01.28"]
[Round "4.27"]
[White "Taboas Rodriguez, Daniel"]
[Black "Sismeiro, Miguel"]
[Result "1-0"]
[WhiteElo "2348"]
[BlackElo "2026"]
[WhiteFideId "2208466"]
[BlackFideId "1950975"]
[WhiteTitle "FM"]
[WhiteCountry "ESP"]
[BlackCountry "POR"]
[PlyCount "69"]
[EventDate "2020.??.??"]

1. d4 Nf6 2. Nf3 g6 3. c4 Bg7 4. Nc3 d5 5. cxd5 Nxd5 6. e4 Nxc3 7. bxc3 c5 8.
Be3 Nc6 9. Rc1 Qa5 10. d5 Ne5 11. Nxe5 Bxe5 12. Qd2 O-O 13. f4 Bg7 14. c4 Qxd2+
15. Kxd2 b6 16. Bd3 e6 17. Rhd1 f5 18. e5 Bb7 19. Be2 exd5 20. Bf3 Rad8 21. Ke1
d4 22. Bxb7 dxe3 23. Bd5+ Kh8 24. Ke2 g5 25. g3 h5 26. Kxe3 Kh7 27. a4 h4 28.
Rb1 hxg3 29. hxg3 Rb8 30. Be6 Kg6 31. Rd7 Rbe8 32. Bd5 Bh6 33. Kf3 g4+ 34. Kf2
Rd8 35. Rxa7 1-0